00683nam a2200193Ia 4500008004100000020001800041082001600059100002400075245007100099250000700170260003300177300003000210500001900240600002100259650005000280942000700330952013500337999001700472240925s9999 xx 000 0 und d a9781597495929 a004.678 WIN aWinkler, Vic (J.R.) 0aSecuring the Cloud: cloud computer security techniques and tactics aNA aAmsterdam:bElsevierc,2011. axviii,1136p.b0fOriginal aIncludes Index aComputer Science aComputer science, information & general works cBK 001040708CSaUITUbUITUd2015-05-12eCollege Book Supplierg409.16l0o004.678 WINpQ10278r2024-09-25 07:15:39w2024-09-25yBK c12777d12777